000 00709nam a2200289Ia 4500
005 20260324132457.0
008 008 260324s9999 xx 000 0 eng d
020 _a9780429219078
037 _aEBOOK
040 _aCRL
040 _beng
040 _cCRL
041 _2eng
041 _aeng
084 _qCRL
100 _aErol Basar
_91189428
245 0 _aMemory and Brain Dynamics
245 0 _bOscillations Integrating Attention, Perception, Learning, and Memory
260 _bTaylor and Francis
260 _c2004
365 _a
365 _b465
856 _uhttp://www.taylorfrancis.com/books/9780429219078
942 _cEBOOK
999 _c1787581
_d1787581